000 00550nam a2200193 a 4500
005 20240924070805.0
008 991125s1920 mx 000 0 spa u
035 _aUPN01000020513
049 _aSEP
050 4 _aBF431
_bS3.5
100 1 _aSantamarina, Rafael
_938950
245 1 0 _aEscala métrica de la inteligencia /
_cRafael Santamarina.
260 _a[México :
_bSEP,
_c[192-?].
300 _a78 p.
500 _aDisponible en la Colección Medina
650 4 _aBINET-SIMON, PRUEBA DE
_93954
650 4 _aInteligencia
_9939
905 _aLibro
999 _c20513
_d20513